Porsche Cars in ALU by Picture - Statistics

General Stats
  • This quiz has been taken 44 times
  • The average score is 6 of 17
Answer Stats
Picture Answer % Correct
918 Spyder
79%
Carrera GT
79%
911 GT3 RS
61%
935 (2019)
61%
911 GT2 RS Clubsport
43%
Mission R
43%
Panamera Turbo S
36%
911 Targa 4S
29%
Taycan Turbo S
29%
Boxster 25th
25%
718 Cayman
21%
911 GT1 Evolution
21%
911 Turbo 50 Years
21%
911 GTS Coupé
14%
718 Cayman GT4 Clubsport
11%
911 Carrera RS 3.8
11%
911 50 Years Porsche Design
4%
No matching quizzes found
Score Distribution
Percent of People with Each Score
Percentile by Number Answered
Your Score History
You have not taken this quiz